[Event "Ogolnopolska Olimpiada Mlodziezy C-12"]
[Site "Spala"]
[Date "1899-12-30"]
[Round "3.9"]
[White "Paliwoda, Borys"]
[Black "Lis, Mateusz"]
[Result "0-1"]
[WhiteTitle "II"]
[BlackTitle "I"]
[WhiteElo "1499"]
[BlackElo "1846"]

1. e4 c6 2. d4 d5 3. Nc3 dxe4 4. Nxe4 Bf5 5. Ng3 Bg6 6. Nh3 Nf6 7. Nf4 e5 8. dxe5
Qa5+ 9. c3 Qxe5+ 10. Be2 Bc5 11. O-O O-O 12. Nxg6 hxg6 13. Qa4 Nd5 14. Qe4 Nd7
15. Bd2 Qc7 16. Bc4 N7f6 17. Qc2 Nb6 18. Bb3 Kh8 19. Ne4 Nbd7 20. Nxc5 Nxc5 21.
Bc4 Rae8 22. Rae1 b5 23. Be2 Ne6 24. Bf3 c5 25. g3 Kg8 26. Bg2 g5 27. Qf5 g4 28.
Re3 Qd8 29. Rd3 Qe7 30. Re1 g6 31. Qe5 c4 32. Rd6 Rd8 33. Rxd8 Qxd8 34. Bh6 Re8
35. Bc6 Nd7 36. Qxb5 Nc7 37. Rxe8+ Qxe8 38. Qb7 Nc5 39. Qxc7 Qe1+ 40. Kg2 Nd3
41. Be3 Qe2 42. Qb7 Ne1+ 43. Kg1 Qd1 44. f4 Nd3+ 45. Kg2 Qe2+ 46. Kg1 Qxe3+ 47.
Kh1 Qe1+ 48. Kg2 Qf2+ 49. Kh1 Qf1# 0-1

[Event "Ogolnopolska Olimpiada Mlodziezy C-12"]
[Site "Spala"]
[Date "1899-12-30"]
[Round "3.10"]
[White "Frydrych, Lukasz"]
[Black "Szpar, Milosz"]
[Result "0-1"]
[WhiteTitle "II"]
[BlackTitle "I"]
[WhiteElo "1493"]
[BlackElo "1798"]

1. e4 d6 2. d4 Nf6 3. Nc3 g6 4. Nf3 Bg7 5. h3 O-O 6. Be3 c5 7. Qd2 cxd4 8. Nxd4
Nc6 9. Be2 Qa5 10. Nb3 Qc7 11. O-O Bd7 12. Bh6 Rfc8 13. Bxg7 Kxg7 14. Nd5 Nxd5
15. exd5 Ne5 16. c3 a5 17. f4 Nc4 18. Bxc4 Qxc4 19. Rad1 a4 20. Qd4+ Qxd4+ 21.
Nxd4 Rc5 22. Nc2 Raa5 23. Ne3 Rab5 24. Rf2 a3 25. c4 Rxb2 26. Rxb2 axb2 27. Rb1
b5 28. Rxb2 bxc4 29. Rc2 Bb5 30. Kf2 h5 31. Ke1 Ba6 32. a3 h4 33. Kd2 Bb7 34.
Rxc4 Rxc4 35. Nxc4 Bxd5 36. Ne3 Be4 37. Kc3 e5 38. fxe5 dxe5 39. a4 f5 40. a5
f4 41. Nc4 Kf6 42. a6 Bxg2 43. a7 g5 44. Nb6 g4 45. Kc4 gxh3 46. Nd5+ Bxd5+ 47.
Kxd5 h2 48. Kc6 h1=Q+ 49. Kc7 Qa8 50. Kb6 Ke6 51. Ka6 Kd6 52. Kb6 Qc6+ 53. Ka5
Qb7 54. Ka4 Qxa7+ 55. Kb4 Qc5+ 56. Kb3 Qd4 57. Ka2 Qc3 58. Kb1 Qd2 59. Ka1 f3
0-1

[Event "Ogolnopolska Olimpiada Mlodziezy C-12"]
[Site "Spala"]
[Date "1899-12-30"]
[Round "3.11"]
[White "Szczurek, Krzysztof"]
[Black "Wegrzyniak, Pawel"]
[Result "1/2-1/2"]
[WhiteTitle "I"]
[BlackTitle "II+"]
[WhiteElo "1775"]
[BlackElo "1472"]

1. d4 d5 2. c4 e6 3. Nc3 Nf6 4. Nf3 Be7 5. Bg5 O-O 6. e3 c6 7. Bd3 Nbd7 8. O-O
dxc4 9. Bxc4 Nd5 10. Bxe7 Qxe7 11. e4 Nxc3 12. bxc3 e5 13. Qd2 exd4 14. cxd4 Qxe4
15. Ng5 Qe7 16. Rfe1 Qd8 17. Qf4 Nf6 18. Re3 Nd5 19. Bxd5 Qxd5 20. Re5 Qd8 21.
Qe4 f5 22. Qe3 h6 23. Qb3+ Kh8 24. Nf7+ Rxf7 25. Qxf7 Qxd4 26. Rae1 Bd7 27. h3
c5 28. Rd5 Qc3 29. Red1 Bc6 30. Rd8+ Rxd8 31. Rxd8+ Kh7 32. Qxf5+ g6 33. Qf4 Qe1+
34. Kh2 Qe7 35. Rc8 Bd7 36. Qc7 Qg7 37. Rd8 Bc6 38. Qd6 c4 39. Qd4 Qxd4 40. Rxd4
b5 41. Rd6 Be8 42. Ra6 g5 43. Kg3 Bf7 44. Rxa7 Kg6 45. f4 c3 46. Re7 c2 47. Re1
Bxa2 48. Kf2 b4 49. Ke2 b3 50. Kd2 b2 51. Kxc2 b1=Q+ 52. Rxb1 Bxb1+ 53. Kxb1 gxf4
54. Kc2 Kg5 55. Kd2 Kh4 56. Ke2 Kg3 57. Kf1 h5 58. Kg1 h4 59. Kf1 f3 60. gxf3
Kxf3 61. Kg1 Kg3 1/2-1/2

[Event "Ogolnopolska Olimpiada Mlodziezy C-12"]
[Site "Spala"]
[Date "1899-12-30"]
[Round "3.12"]
[White "Bujalski, Mateusz"]
[Black "Kokoszczynski, Jan"]
[Result "1/2-1/2"]
[WhiteTitle "II"]
[BlackTitle "I"]
[WhiteElo "1474"]
[BlackElo "1715"]

1. d4 Nf6 2. Nf3 g6 3. Bg5 Bg7 4. e3 O-O 5. Bd3 d6 6. Nbd2 Nbd7 7. c3 e5 8. O-O
Qe8 9. Qc2 h6 10. Bxf6 Bxf6 11. Bc4 Bg7 12. Qxg6 b5 13. Bb3 Kh8 14. Qe4 Rb8 15.
dxe5 dxe5 16. Rad1 Nc5 17. Qc2 e4 18. Nd4 Bg4 19. Rb1 Rb6 20. Bd5 f5 21. b4 Nd7
22. a3 Bxd4 23. cxd4 Be2 24. Qxc7 Bxf1 25. Rxf1 Qc8 26. Qxa7 Ra6 27. Qb7 Qxb7
28. Bxb7 Rxa3 29. Bc6 Nf6 30. Bxb5 Rb8 31. Nc4 Rc3 32. Nd6 Rb6 33. Ne8 Rxb5 34.
Nxf6 Rc6 35. Nd7 Rxb4 36. Ne5 Rcb6 37. g3 Rb1 38. h4 Rxf1+ 39. Kxf1 Rb2 40. Nf7+
Kg7 41. Ne5 Kf6 42. Kg2 1/2-1/2

[Event "Ogolnopolska Olimpiada Mlodziezy C-12"]
[Site "Spala"]
[Date "1899-12-30"]
[Round "3.13"]
[White "Mike, Patryk"]
[Black "Nowak, Mikolaj"]
[Result "1-0"]
[WhiteTitle "II+"]
[BlackTitle "I"]
[WhiteElo "1463"]
[BlackElo "1711"]

1. e4 c6 2. d4 d5 3. Nc3 dxe4 4. Nxe4 Bf5 5. Nc5 e5 6. Nxb7 Qb6 7. Nc5 exd4 8.
Nb3 Bb4+ 9. Bd2 Bxd2+ 10. Qxd2 c5 11. Bd3 Bxd3 12. Qxd3 Ne7 13. Nf3 O-O 14. O-O
Nbc6 15. Qc4 Rac8 16. a3 Na5 17. Nxa5 Qxa5 18. Rfe1 Ng6 19. h3 h6 20. b3 Qb6 21.
Ne5 Nxe5 22. Rxe5 Rfe8 23. Rae1 Kf8 24. a4 Qd6 25. Rxe8+ Rxe8 26. Rxe8+ Kxe8 27.
Qb5+ Kd8 28. Qb7 Qc7 29. Qd5+ Ke7 30. Kf1 f6 31. Ke2 Qe5+ 32. Qxe5+ fxe5 33. Kd3
Kd6 34. Ke4 Ke6 35. f3 g6 36. g3 a5 37. h4 Kd6 38. g4 Ke6 39. h5 g5 40. Kd3 Kd5
41. c3 Kc6 42. Kc2 Kd6 43. Kd2 Kd7 44. Kd3 Ke6 45. Kc2 Kd5 46. Kd3 Ke6 47. Kc2
Kf6 48. Kd2 e4 49. cxd4 exf3 50. dxc5 Ke5 51. Ke3 Kd5 52. Kxf3 Kxc5 53. Ke4 Kb4
54. Kf5 Kxb3 55. Kg6 Kxa4 56. Kxh6 Kb3 57. Kxg5 a4 58. h6 a3 59. h7 1-0

[Event "Ogolnopolska Olimpiada Mlodziezy C-12"]
[Site "Spala"]
[Date "1899-12-30"]
[Round "3.14"]
[White "Wierzbicki, Michal"]
[Black "Kozlowski, Pawel"]
[Result "1/2-1/2"]
[WhiteTitle "II"]
[BlackTitle "II"]
[WhiteElo "1438"]
[BlackElo "1577"]

1. d4 e6 2. g3 d5 3. Bg2 c5 4. c3 Nc6 5. e3 Nf6 6. Nd2 cxd4 7. exd4 Bd6 8. Ndf3
O-O 9. Ne2 Re8 10. O-O b6 11. Bf4 Ba6 12. Bxd6 Qxd6 13. Re1 e5 14. dxe5 Nxe5 15.
Nxe5 Rxe5 16. Nf4 Rae8 17. Rxe5 Rxe5 18. h4 h6 19. Nd3 Bxd3 20. Qxd3 Qe7 21. Bf3
Re1+ 22. Rxe1 Qxe1+ 23. Kg2 Qe5 24. Qa6 Qc7 25. Qd3 Qe5 26. Qa6 Qe7 27. Qc8+ Kh7
28. Bxd5 Qe5 29. Bf3 Qe6 30. Qxe6 fxe6 31. Bc6 Kg6 32. f3 Kf5 33. Kf2 Ke5 34.
Ke3 Kd6 35. Be4 e5 36. b3 Nd7 37. a3 Nc5 38. Bc2 Na6 39. b4 Nc7 40. a4 a5 41.
bxa5 Nd5+ 42. Kd3 bxa5 43. Bb3 Nf6 44. Kc4 Kc6 45. g4 Nd7 46. Bc2 Nb6+ 47. Kd3
Kd6 48. Bb3 Nd7 49. Kc4 Kc6 50. Bc2 Nb6+ 51. Kd3 Kd6 52. Bb3 Nd7 53. Kc4 Kc6 54.
Bc2 Nb6+ 55. Kd3 Kd6 56. Kd4 Kd5+ 1/2-1/2

[Event "Ogolnopolska Olimpiada Mlodziezy C-12"]
[Site "Spala"]
[Date "1899-12-30"]
[Round "3.15"]
[White "Psyk, Radoslaw"]
[Black "Wloch, Mikolaj"]
[Result "1-0"]
[WhiteTitle "I+"]
[BlackTitle "II"]
[WhiteElo "1845"]
[BlackElo "1455"]

1. e4 c5 2. Nf3 d6 3. c3 g6 4. Be2 Nf6 5. O-O Bg7 6. d3 O-O 7. Nbd2 Nc6 8. Re1
e6 9. Bf1 Rb8 10. a4 a6 11. d4 cxd4 12. cxd4 Qc7 13. Nb3 d5 14. e5 Nd7 15. Bf4
b6 16. Qd2 Bb7 17. Rac1 Rbc8 18. h3 Qd8 19. Bg5 Qe8 20. Qe3 Ndb8 21. Nh2 Qd7 22.
Ng4 Ne7 23. Bd3 Kh8 24. a5 h5 25. Nf6 Qd8 26. g4 Nd7 27. Rxc8 Bxc8 28. Nxd7 Qxd7
29. gxh5 Kh7 30. axb6 Nf5 31. Bxf5 gxf5 32. Nc5 Qb5 33. Qb3 Qxb3 34. Nxb3 Bh6
35. Bxh6 Kxh6 36. Nc5 Kxh5 37. b3 Rd8 38. b7 Bxb7 39. Nxb7 Rb8 40. Nc5 Rb4 41.
Rd1 Kg5 42. Rd3 f4 43. Nxa6 1-0

[Event "Ogolnopolska Olimpiada Mlodziezy C-12"]
[Site "Spala"]
[Date "1899-12-30"]
[Round "3.16"]
[White "Maciejewski, Kamil"]
[Black "Pijewski, Milosz"]
[Result "1-0"]
[WhiteTitle "II+"]
[BlackTitle "II"]
[WhiteElo "1384"]
[BlackElo "1572"]

1. e4 c6 2. Nc3 d5 3. Nf3 Bg4 4. h3 Bxf3 5. Qxf3 dxe4 6. Nxe4 Nd7 7. d4 Ngf6 8.
Ng3 e6 9. Bc4 Qa5+ 10. Bd2 Qb6 11. Bc3 Bd6 12. O-O-O O-O-O 13. Rhe1 Kb8 14. Kb1
Rc8 15. Ne4 Nxe4 16. Rxe4 Nf6 17. Re3 Rhf8 18. Bd2 Qxd4 19. Bb4 Qxc4 20. Bxd6+
Ka8 21. Bxf8 Rxf8 22. Qe2 Qb4 23. Red3 Kb8 24. Rd8+ Rxd8 25. Rxd8+ Kc7 26. Qd2
Qc5 27. Qd4 Qxd4 28. Rxd4 h6 29. Kc1 e5 30. Rd3 Nd5 31. Rg3 g6 32. Rf3 f5 33.
Rg3 g5 34. h4 f4 35. Ra3 a6 36. hxg5 hxg5 37. Rh3 Nf6 38. Rh6 Ng4 39. Rh7+ Kd6
40. Rxb7 Nxf2 41. Ra7 Ng4 42. Rg7 Ne3 43. Rxg5 Ke6 44. Kd2 Kf6 45. Rg8 Kf7 46.
Rc8 Nxg2 47. Ke2 Ke6 48. Rxc6+ Kf5 49. Rxa6 e4 50. b4 f3+ 51. Kf2 Nf4 52. Rh6
Kg4 53. b5 e3+ 54. Kxe3 Kg3 55. Rh1 Nd5+ 56. Kd4 Kg2 57. Ra1 Nb6 58. Kc5 Na4+
59. Kc6 1-0

[Event "Ogolnopolska Olimpiada Mlodziezy C-12"]
[Site "Spala"]
[Date "1899-12-30"]
[Round "3.17"]
[White "Zolkiewski, Jakub"]
[Black "Twardowski, Hubert"]
[Result "1-0"]
[WhiteTitle "II"]
[BlackTitle "II"]
[WhiteElo "1504"]
[BlackElo "1450"]

1. d4 Nf6 2. c4 e6 3. Nc3 Bb4 4. Bg5 d5 5. e3 c5 6. a3 Bxc3+ 7. bxc3 Nbd7 8. Qc2
b6 9. cxd5 exd5 10. Bb5 O-O 11. Bc6 Rb8 12. Bf4 c4 13. Bxb8 Nxb8 14. Ba4 a6 15.
Qb1 Ne4 16. Qb2 Qg5 17. g3 b5 18. Bd1 Nd7 19. Bf3 Qe7 20. Bg2 Nb6 21. Ne2 Bf5
22. O-O Na4 23. Qc1 g5 24. f3 Nd6 25. Re1 Qe6 26. g4 Bg6 27. Ng3 Re8 28. h3 h6
29. e4 Kg7 30. e5 Nb7 31. Qe3 Na5 32. Ra2 Nb3 33. Rf2 Kg8 34. f4 gxf4 35. Rxf4
Rd8 36. Rf6 Qe7 37. Qxh6 Qf8 38. Qg5 Kh7 39. e6 Re8 40. Ref1 Rxe6 41. Rxe6 Qg8
42. Nh5 Kh8 43. Qh6+ Bh7 44. Nf6 1-0

[Event "Ogolnopolska Olimpiada Mlodziezy C-12"]
[Site "Spala"]
[Date "1899-12-30"]
[Round "3.18"]
[White "Frank, Mateusz"]
[Black "Lipiak, Mateusz"]
[Result "0-1"]
[WhiteTitle "II"]
[BlackTitle "I"]
[WhiteElo "1329"]
[BlackElo "1489"]

1. e4 e6 2. e5 d5 3. d4 c5 4. c3 Nc6 5. Nf3 Qb6 6. Be2 f6 7. exf6 Nxf6 8. O-O cxd4
9. Nxd4 Nxd4 10. cxd4 Bd6 11. Nc3 O-O 12. b3 Bd7 13. Bg5 Rac8 14. Rc1 Bb4 15.
Bxf6 Rxf6 16. Qd3 Rcf8 17. Bf3 Qa5 18. a4 a6 19. Rc2 Be8 20. Qd2 Bg6 21. Rcc1
Rc8 22. Nxd5 Bxd2 23. Nxf6+ gxf6 24. Rxc8+ Kg7 25. Bxb7 Qb6 26. Bf3 Qxb3 27. Rd1
Bf4 28. d5 exd5 29. Rxd5 Qxa4 30. Rcd8 Be5 31. R5d7+ Kh6 32. Rd2 Qb4 33. g3 a5
34. h4 Be4 35. Bg2 Bxg2 36. Kxg2 a4 37. R8d3 a3 38. f3 Bb2 39. g4 a2 40. g5+ fxg5
41. Rd6+ Kh5 42. hxg5 Qxd2+ 0-1

[Event "Ogolnopolska Olimpiada Mlodziezy C-12"]
[Site "Spala"]
[Date "1899-12-30"]
[Round "3.19"]
[White "Posluszny, Tomasz"]
[Black "Majocha, Piotr"]
[Result "1-0"]
[WhiteTitle "II"]
[BlackTitle "II"]
[WhiteElo "1451"]
[BlackElo "1462"]

1. d4 Nf6 2. c4 g6 3. Nc3 d5 4. Qb3 c6 5. Nf3 Bg7 6. Bg5 dxc4 7. Qxc4 Be6 8. Qd3
O-O 9. e4 Nbd7 10. Be2 Nb6 11. Qd1 Qc7 12. O-O Rfd8 13. Bh4 Qd7 14. e5 Nfd5 15.
Bg3 Nxc3 16. bxc3 Bh6 17. Qc2 Rac8 18. Rfd1 Qd5 19. Nd2 Bf5 20. Bd3 Bxd3 21. Qxd3
c5 22. Nf1 cxd4 23. cxd4 Rc4 24. Ne3 Qxd4 25. Qe2 Bxe3 26. fxe3 Qxa1 27. Rxa1
Rdc8 28. h3 Rc2 29. Qf3 1-0

[Event "Ogolnopolska Olimpiada Mlodziezy C-12"]
[Site "Spala"]
[Date "1899-12-30"]
[Round "3.22"]
[White "Fus, Jakub"]
[Black "Janczak, Dominik"]
[Result "1/2-1/2"]
[WhiteTitle "II"]
[BlackTitle "II"]
[WhiteElo "1429"]
[BlackElo "1336"]

1. d4 d5 2. c4 Bf5 3. Qb3 dxc4 4. Qxb7 Nd7 5. Nc3 Ngf6 6. Qb5 e6 7. g3 Rb8 8. Qa4
Bb4 9. f3 O-O 10. Bg2 Nd5 11. Bd2 N7b6 12. Qd1 Nxc3 13. bxc3 Bd6 14. e4 Bg6 15.
Ne2 c5 16. Be3 Rc8 17. O-O cxd4 18. Bxd4 Qe7 19. Kh1 Bc5 20. Bxc5 Qxc5 21. Nf4
Rfd8 22. Qc2 Qa5 23. Nxg6 hxg6 24. Rab1 Rd3 25. Rb4 Rcd8 26. Rf2 Qe5 27. Bf1 Rxc3
28. Qb2 Qd4 29. Rc2 Rxc2 30. Qxc2 Rc8 31. Kg2 Qc5 32. Rb1 Qa5 33. Rc1 c3 34. Qb3
Qa4 35. Be2 Kf8 36. Rxc3 Rxc3 37. Qxc3 Qxa2 38. Qd3 Kg8 39. Kf2 e5 40. Qb5 Qe6
41. Bf1 Qa2+ 42. Be2 Qe6 43. Bf1 Qe7 44. Be2 1/2-1/2

[Event "Ogolnopolska Olimpiada Mlodziezy C-12"]
[Site "Spala"]
[Date "1899-12-30"]
[Round "3.23"]
[White "Ciesielski, Maciej"]
[Black "Baran, Mateusz"]
[Result "0-1"]
[WhiteTitle "II"]
[BlackTitle "II"]
[WhiteElo "1201"]
[BlackElo "1377"]

1. e4 e5 2. Nf3 Nc6 3. Bb5 a6 4. Ba4 Nf6 5. O-O Be7 6. Re1 b5 7. Bb3 O-O 8. c3
d6 9. d3 Be6 10. Bc2 Bg4 11. h3 Bh5 12. Be3 Na7 13. Nbd2 c5 14. Nf1 Nc6 15. Ng3
Bg6 16. d4 cxd4 17. cxd4 Qc7 18. dxe5 dxe5 19. Rc1 Rad8 20. Qe2 Bb4 21. Red1 Qb7
22. a3 Ba5 23. b4 Bc7 24. Bc5 Rfe8 25. a4 Nd7 26. Bd3 Nxc5 27. Rxc5 Bd6 28. Rcc1
Nxb4 29. Rb1 Nxd3 30. Rxd3 f6 31. axb5 axb5 32. Rd5 b4 33. Qd2 Be7 34. Rxd8 Rxd8
35. Qa2+ Bf7 36. Qa4 b3 37. Nf5 Bc5 38. Qa5 Rc8 39. Nd2 Bb4 40. Rxb3 Bxb3 0-1

[Event "Ogolnopolska Olimpiada Mlodziezy C-12"]
[Site "Spala"]
[Date "1899-12-30"]
[Round "4.1"]
[White "Kopaczewski, Adam"]
[Black "Teclaf, Pawel"]
[Result "0-1"]
[WhiteTitle "II+"]
[BlackTitle "CM"]
[WhiteElo "1575"]
[BlackElo "1917"]

1. e4 c5 2. Nf3 e6 3. d4 cxd4 4. Nxd4 Nf6 5. Nc3 d6 6. Be3 a6 7. f3 b5 8. Bd3 Nbd7
9. O-O Bb7 10. Qe1 Be7 11. a4 bxa4 12. Rxa4 Nc5 13. Ra1 Nxd3 14. cxd3 O-O 15.
Qg3 Kh8 16. Rfc1 d5 17. Na4 dxe4 18. dxe4 Bd6 19. Qf2 Nd7 20. Nc6 Bxc6 21. Rxc6
Ne5 22. Rxd6 Qxd6 23. Bc5 Qc7 24. Bxf8 Rxf8 25. Nc5 a5 26. Nb3 Rc8 27. h3 Nd3
28. Qd4 Rd8 29. Qc3 Qb6+ 30. Kh2 Qb8+ 31. Kg1 Nf4 32. Qc2 Rc8 33. Qd1 Qb6+ 34.
Kh1 Rd8 35. Qc2 a4 36. Rxa4 Nh5 37. Ra1 Ng3+ 38. Kh2 Qb8 39. Kg1 Rc8 40. Nc5 Qb6
41. Kh2 Qd6 42. Rd1 Qf4 43. Nxe6 Nf1+ 44. Kg1 Qh2+ 45. Kxf1 Qh1+ 0-1

[Event "Ogolnopolska Olimpiada Mlodziezy C-12"]
[Site "Spala"]
[Date "1899-12-30"]
[Round "4.2"]
[White "Pacan-milej, Kosma"]
[Black "Kawaler, Adam"]
[Result "1-0"]
[WhiteTitle "II+"]
[BlackTitle "I"]
[WhiteElo "1558"]
[BlackElo "1647"]

1. d4 d5 2. c4 e6 3. Nc3 c5 4. cxd5 exd5 5. Nf3 Nf6 6. g3 Nc6 7. Bg2 Be7 8. O-O
O-O 9. Bf4 Be6 10. Rc1 Rc8 11. dxc5 Bxc5 12. Ng5 Bd6 13. Bxd6 Qxd6 14. Nxe6 fxe6
15. e3 Ne5 16. Bh3 Rce8 17. Nb5 Qb6 18. Nd4 Qd6 19. Qb3 Rf7 20. Nb5 Qb6 21. Nc7
Qd6 22. Nxe8 Nxe8 23. Bg2 Qf8 24. Qc3 Nc6 25. Qc5 Qxc5 26. Rxc5 Nd6 27. Rfc1 Nc4
28. e4 Nd4 29. Rd1 Ne2+ 30. Kf1 Nxg3+ 31. hxg3 Ne3+ 32. Ke2 Nxd1 33. Rc8+ Rf8
34. Rxf8+ Kxf8 35. Kxd1 d4 36. e5 b6 37. Kd2 Ke7 38. Kd3 Kd7 39. Kxd4 Kc7 40.
Kc4 a6 41. a4 Kd8 42. b4 Kc8 43. a5 Kc7 44. axb6+ Kxb6 45. Bh3 1-0

[Event "Ogolnopolska Olimpiada Mlodziezy C-12"]
[Site "Spala"]
[Date "1899-12-30"]
[Round "4.3"]
[White "Pytel, Maciej"]
[Black "Strzelecki, Maciej"]
[Result "1-0"]
[WhiteTitle "I"]
[BlackTitle "II"]
[WhiteElo "1646"]
[BlackElo "1526"]

1. e4 c5 2. Nf3 e6 3. d4 cxd4 4. Nxd4 Nf6 5. Bd3 Nc6 6. Be3 d5 7. Nxc6 bxc6 8.
e5 Nd7 9. f4 Bb7 10. O-O c5 11. f5 Qb6 12. fxe6 Qxe6 13. Nc3 a6 14. Bf5 Qc6 15.
Bf4 g6 16. Bh3 Bg7 17. Qg4 h5 18. Qxd7+ Qxd7 19. Bxd7+ Kxd7 20. Na4 Kc6 21. Bg5
Bxe5 22. Bf6 Rhe8 23. Bxe5 Rxe5 24. Rxf7 Rf5 25. Rf1 Rxf1+ 26. Kxf1 Rg8 27. Nxc5
Kxc5 28. Rxb7 Rf8+ 29. Ke2 Rf6 30. Rb3 g5 31. Rf3 Re6+ 32. Kd2 Re5 33. c3 a5 34.
Rf8 g4 35. b3 Re4 36. Rc8+ Kb6 37. Rb8+ Kc6 38. Rf8 h4 39. a4 h3 40. gxh3 gxh3
41. Rh8 Rf4 42. Rxh3 Rf2+ 43. Kd3 Rb2 44. Rh6+ Kc5 45. h4 Rxb3 46. Ra6 Rb1 47.
Rxa5+ Kc6 48. Rb5 Rh1 49. Rb4 Rh3+ 50. Kc2 Rh2+ 51. Kb3 Kc5 52. a5 Rh1 53. a6
Ra1 54. Ra4 Rb1+ 55. Kc2 Rb8 56. a7 1-0

[Event "Ogolnopolska Olimpiada Mlodziezy C-12"]
[Site "Spala"]
[Date "1899-12-30"]
[Round "4.4"]
[White "Golecki, Jan"]
[Black "Kosakowski, Jakub"]
[Result "1-0"]
[WhiteTitle "II"]
[BlackTitle "I+"]
[WhiteElo "1555"]
[BlackElo "1953"]

1. e4 c5 2. Nf3 d6 3. d4 cxd4 4. Nxd4 Nf6 5. Nc3 a6 6. Be2 e5 7. Nb3 Be7 8. Be3
Be6 9. O-O O-O 10. Qd2 Nbd7 11. a4 Qc7 12. a5 Rac8 13. Rfd1 Rfd8 14. Qe1 Qc6 15.
Bf3 h6 16. Nc1 Nc5 17. Nd5 Bxd5 18. exd5 Qc7 19. c4 Re8 20. b4 Ncd7 21. Be2 Bf8
22. Na2 e4 23. Rac1 Ne5 24. c5 Qd7 25. c6 bxc6 26. Bxa6 Nxd5 27. Bxc8 Rxc8 28.
Qe2 Nd3 29. Rxd3 exd3 30. Qxd3 Qe6 31. Qc4 Qe8 32. Bd2 Ne7 33. Nc3 Qd7 34. Na4
Rb8 35. Nb6 Qb7 36. Qg4 Kh8 37. Qf3 Kg8 38. Bf4 Ng6 39. Bg3 Re8 40. h3 d5 41.
Qc3 Re6 42. Re1 Rxe1+ 43. Qxe1 Kh7 44. Qb1 Qa6 45. Nd7 Kg8 46. Nxf8 Nxf8 47. Qf1
Qb7 48. Bd6 Ne6 49. a6 Qb6 50. Qa1 Qa7 51. Bc5 Nxc5 52. bxc5 d4 53. Qa5 Qa8 54.
a7 d3 55. Qc7 d2 56. Qb8+ Kh7 57. Qxa8 d1=Q+ 58. Kh2 Qc1 59. Qb8 1-0

[Event "Ogolnopolska Olimpiada Mlodziezy C-12"]
[Site "Spala"]
[Date "1899-12-30"]
[Round "4.5"]
[White "Polczyk, Mikolaj"]
[Black "Lis, Mateusz"]
[Result "0-1"]
[WhiteTitle "II+"]
[BlackTitle "I"]
[WhiteElo "1594"]
[BlackElo "1846"]

1. e4 c5 2. Nf3 Nc6 3. d4 cxd4 4. Nxd4 e5 5. Nb5 a6 6. N5a3 Nf6 7. Bg5 h6 8. Bxf6
Qxf6 9. Nc4 Bc5 10. Qd2 O-O 11. Nc3 b5 12. Ne3 Bxe3 13. Qxe3 Nd4 14. Bd3 Bb7 15.
O-O Rac8 16. a3 Qb6 17. Nd5 Bxd5 18. exd5 Qd6 19. c3 Nb3 20. Rad1 f5 21. f3 Nc5
22. Bb1 Na4 23. Rf2 Nb6 24. Qd3 Nc4 25. Re2 Qc5+ 26. Kh1 d6 27. g4 e4 28. fxe4
Ne5 29. Qd4 fxg4 30. Qxc5 Rxc5 31. Kg2 Rf3 32. Rf2 Rc8 33. Rdf1 Kh7 34. Bc2 Rcf8
35. Bd1 Rxf2+ 36. Rxf2 Rxf2+ 37. Kxf2 Nd3+ 38. Kg3 Nxb2 39. Be2 Kg6 40. Kxg4 Kf6
41. Kf4 g5+ 42. Kg4 Na4 43. c4 bxc4 44. Bxc4 Nc5 45. Kh5 a5 46. Kxh6 Nxe4 47.
Kh5 Nd2 48. Bd3 Nf3 49. h3 Ng1 50. Kg4 Ke5 51. Kg3 Kd4 52. Bf1 Ke3 53. Bg2 Ne2+
54. Kg4 Nf4 55. Bh1 a4 56. Kxg5 Nxh3+ 57. Kf5 Kd4 58. Ke6 Kc5 59. Kf5 Nf2 60.
Bf3 Nd3 61. Ke4 Nb2 62. Bg4 Nc4 63. Bd7 Nb6 64. Bc6 Kc4 65. Bb7 Kb3 66. Kd4 Nc4
67. Ke4 Kxa3 68. Ba6 Kb3 69. Kd4 Nb2 70. Ke4 a3 71. Kf5 a2 0-1

[Event "Ogolnopolska Olimpiada Mlodziezy C-12"]
[Site "Spala"]
[Date "1899-12-30"]
[Round "4.6"]
[White "Szpar, Milosz"]
[Black "Gozdzicki, Maciej"]
[Result "1-0"]
[WhiteTitle "I"]
[BlackTitle "II"]
[WhiteElo "1798"]
[BlackElo "1373"]

1. e4 c5 2. Nf3 e6 3. d4 cxd4 4. Nxd4 a6 5. Nc3 b5 6. Bd3 Bb7 7. O-O Qc7 8. Qe2
Nf6 9. a3 Bc5 10. Nb3 Bb6 11. Re1 d5 12. e5 Nfd7 13. Qg4 g6 14. Bf4 Nc5 15. Bxb5+
axb5 16. Nxb5 Qd7 17. Nd6+ Kd8 18. Bg5+ Kc7 19. Nd4 Bc6 20. b4 Ne4 21. Nxe4 dxe4
22. Nb3 Kb7 23. Rad1 Qc7 24. Qg3 Nd7 25. c4 Kb8 26. Be7 Qb7 27. b5 Bxb5 28. cxb5
Rc8 29. Rc1 Ka7 30. Rc3 Rxc3 31. Qxc3 Rc8 32. Qb4 Rc2 33. Nd4 Bxd4 34. Qxd4+ Nb6
35. Bc5 Ra2 36. h3 h6 37. Rc1 Ra1 38. Bxb6+ Qxb6 39. Qxb6+ Kxb6 40. Rxa1 1-0

[Event "Ogolnopolska Olimpiada Mlodziezy C-12"]
[Site "Spala"]
[Date "1899-12-30"]
[Round "4.7"]
[White "Poziomkowski, Szymon"]
[Black "Ochowicz, Jakub"]
[Result "1-0"]
[WhiteTitle "II+"]
[BlackTitle "II"]
[WhiteElo "1431"]
[BlackElo "1713"]

1. e4 c5 2. c3 Nf6 3. e5 Nd5 4. g3 Nc6 5. Bg2 e6 6. Nf3 d6 7. exd6 Bxd6 8. O-O
O-O 9. d4 a6 10. Re1 b5 11. Be3 c4 12. Nbd2 Qc7 13. a4 Bb7 14. Nf1 Rfc8 15. Bd2
Na5 16. axb5 axb5 17. Qc2 h6 18. Ne3 Nxe3 19. fxe3 Nb3 20. Rxa8 Rxa8 21. e4 Ra2
22. Re2 Qa5 23. Kf2 Qa8 24. e5 Ba3 25. Bc1 Bd5 26. Ne1 Bxg2 27. Nxg2 Ra1 28. Bf4
Ra2 29. Bc1 Ra1 30. Bf4 Ra2 31. Bc1 Qa4 32. Ne3 Nxc1 33. Qxc1 Be7 34. Qc2 Qa8
35. Ng2 Qc6 36. Qb1 Qa6 37. Ne3 Bg5 38. Nc2 Qa8 39. Na3 Rxa3 40. bxa3 Qxa3 41.
Qb2 Qa4 42. Rc2 Qa6 43. h4 Be7 44. Qb1 Qc6 45. Ra2 g6 46. Ra7 Bf8 47. Qd1 Qe4
48. Qf3 Qc2+ 49. Kg1 Qc1+ 50. Kh2 Qc2+ 51. Kh3 Qf5+ 52. Qxf5 gxf5 53. Rb7 b4 54.
cxb4 c3 55. b5 Bc5 56. Rb8+ Kg7 57. Rc8 Bxd4 58. Rc4 Bxe5 59. b6 Kf6 60. b7 Ke7
61. Rxc3 Kd7 62. Rc8 f4 63. gxf4 Bxf4 64. b8=Q Bxb8 65. Rxb8 f5 66. Rh8 Kd6 67.
Kg3 e5 68. Kf3 Kd5 69. Rxh6 e4+ 70. Ke3 Ke5 71. Rh5 Kf6 72. Rg5 1-0

[Event "Ogolnopolska Olimpiada Mlodziezy C-12"]
[Site "Spala"]
[Date "1899-12-30"]
[Round "4.8"]
[White "Mis, Mieszko"]
[Black "Mike, Patryk"]
[Result "0-1"]
[WhiteTitle "I"]
[BlackTitle "II+"]
[WhiteElo "1619"]
[BlackElo "1463"]

1. e4 e5 2. Nf3 Nf6 3. Nxe5 d6 4. Nf3 Nxe4 5. Nc3 Nxc3 6. dxc3 Be7 7. Bf4 Be6 8.
Qd2 Qd7 9. Nd4 a6 10. Nxe6 fxe6 11. Bd3 Nc6 12. O-O-O O-O-O 13. Rhe1 e5 14. Be3
Kb8 15. Be4 Bf6 16. Qd5 Rde8 17. Qb3 Na5 18. Qb4 b6 19. Bxb6 cxb6 20. Rxd6 Qc7
21. Rxb6+ Ka7 22. Rd1 Rd8 23. Rbd6 Be7 24. Rxd8 Rxd8 25. Rxd8 Qxd8 26. Qa4 Bg5+
0-1

[Event "Ogolnopolska Olimpiada Mlodziezy C-12"]
[Site "Spala"]
[Date "1899-12-30"]
[Round "4.9"]
[White "Lipiak, Mateusz"]
[Black "Pultorak, Jan"]
[Result "0-1"]
[WhiteTitle "I"]
[BlackTitle "I"]
[WhiteElo "1489"]
[BlackElo "1965"]

1. e4 c5 2. Nf3 d6 3. d4 cxd4 4. Nxd4 Nf6 5. Nc3 a6 6. Be3 e6 7. f3 Be7 8. Qd2
Qc7 9. O-O-O O-O 10. g4 b5 11. g5 Nfd7 12. h4 Bb7 13. h5 Nc6 14. Kb1 Nxd4 15.
Bxd4 b4 16. Ne2 d5 17. exd5 Bxd5 18. Bg2 Rfd8 19. Rdg1 e5 20. Bf2 Nc5 21. Qc1
Rac8 22. Bxc5 Bxc5 23. Rf1 Bc4 24. Qe1 Be3 25. Bh3 Rd2 0-1

[Event "Ogolnopolska Olimpiada Mlodziezy C-12"]
[Site "Spala"]
[Date "1899-12-30"]
[Round "4.10"]
[White "Bujalski, Mateusz"]
[Black "Psyk, Radoslaw"]
[Result "0-1"]
[WhiteTitle "II"]
[BlackTitle "I+"]
[WhiteElo "1474"]
[BlackElo "1845"]

1. d4 d5 2. Nf3 Nf6 3. Bg5 Ne4 4. Bf4 c5 5. e3 Qb6 6. Nc3 Nxc3 7. bxc3 Qb2 8. Kd2
c4 9. Qb1 Qxb1 10. Rxb1 e6 11. Ne1 Nd7 12. f3 Ba3 13. e4 O-O 14. g3 f6 15. Be2
a6 16. Ng2 b5 17. Rhd1 Ra7 18. g4 Bb7 19. exd5 Bxd5 20. Ne3 Nb6 21. Bg3 Rd8 22.
f4 Be4 23. h4 f5 24. g5 Na4 25. h5 Bb2 26. Ke1 Bxc3+ 27. Kf2 Rad7 28. d5 exd5
29. Bf3 d4 30. Ng4 Bxf3 31. Ne5 Bxd1 32. Nxd7 Bxc2 0-1

[Event "Ogolnopolska Olimpiada Mlodziezy C-12"]
[Site "Spala"]
[Date "1899-12-30"]
[Round "4.12"]
[White "Kokoszczynski, Jan"]
[Black "Maciejewski, Kamil"]
[Result "1-0"]
[WhiteTitle "I"]
[BlackTitle "II+"]
[WhiteElo "1715"]
[BlackElo "1384"]

1. d4 d5 2. c4 dxc4 3. e4 e5 4. d5 Nf6 5. Bg5 b5 6. a4 b4 7. Bxc4 Bc5 8. Bxf6 Qxf6
9. Qf3 Nd7 10. Nd2 Bd4 11. Ra2 a5 12. Nb3 Bb6 13. Bb5 Qxf3 14. Nxf3 f6 15. Ra1
Ba6 16. Bxa6 Rxa6 17. Rc1 Ke7 18. Ke2 Rc8 19. Nfd2 Nb8 20. Nc4 Kd7 21. h4 Kd8
22. g3 Nd7 23. Ncd2 Ba7 24. f4 c5 25. Nc4 Bb6 26. Nxb6 Rxb6 27. Nxa5 Ra6 28. Nc6+
Ke8 29. b3 Rca8 30. fxe5 fxe5 31. Rhf1 Nf6 32. Kd3 Nd7 33. Rf5 g6 34. Rf2 h6 35.
g4 Rb6 36. h5 g5 37. Rf5 Rc8 38. a5 Ra6 39. Rf2 Rc7 40. Rff1 Rc8 41. Rc2 Raa8
42. Kc4 Rc7 43. Rf5 Ra6 44. Nxe5 Re6 45. dxe6 Nxe5+ 46. Rxe5 Ke7 47. Rxc5 Rb7
48. a6 Ra7 49. Kxb4 Rxa6 50. Rc7+ Kxe6 51. R2c6+ Rxc6 52. Rxc6+ Ke5 53. Rxh6 Kxe4
54. Rg6 Kf4 55. h6 Kxg4 56. Rxg5+ Kxg5 57. h7 Kg6 58. h8=Q Kf5 59. Qd4 Ke6 60.
Kc5 Ke7 61. Qd6+ Ke8 62. Qc7 Kf8 63. Kd6 Kg8 64. Ke6 Kh8 65. Kf7 Kh7 66. Qh2#
1-0